Implementaci nové regulace DORA zefektivňuje AI

Ste vo vašej finančnej inštitúcii taktiež vo fáze aplikácie európskeho nariadenia DORA (Digital Operational Resilience Act) do zmlúv s ICT dodávateľmi? Pokiaľ áno, môže vám túto časť implementácie DORA významne zefektívniť umelá inteligencia (AI). Ako ukázal nedávny webinár českej IT spoločnosti Pro...

ver descrição completa

Na minha lista:
Detalhes bibliográficos
Autor principal: Roškanin, Michal
Formato: Capítulo de Livro
Idioma:tcheco
Assuntos:
Tags: Adicionar Tag
Sem tags, seja o primeiro a adicionar uma tag!

MARC

LEADER 00000naa a2200000 4500
001 0304764
005 20241023111750.7
041 0 |a cze 
044 |a CZ 
245 1 0 |a Implementaci nové regulace DORA zefektivňuje AI  |c Michal Roškanin 
520 |a Ste vo vašej finančnej inštitúcii taktiež vo fáze aplikácie európskeho nariadenia DORA (Digital Operational Resilience Act) do zmlúv s ICT dodávateľmi? Pokiaľ áno, môže vám túto časť implementácie DORA významne zefektívniť umelá inteligencia (AI). Ako ukázal nedávny webinár českej IT spoločnosti Profinit a advokátskej kancelárie Rowan Legal, umelá inteligencia dokáže zefektívniť proces úpravy zmluvných dojednaní a znížiť náklady spojené s úpravou a následnou administráciou zmlúv s dodávateľmi. 
610 2 0 |a inštitúcie finančné 
610 2 0 |a regulácia 
610 2 0 |a implementácia 
610 2 0 |a zmluvy 
610 2 0 |a dodávatelia 
610 2 0 |a inteligencia umelá 
610 2 0 |a efektívnosť 
100 1 |a Roškanin, Michal